World Scout (Saint Satine) - Toutes les participantes - Statistiques

Statistiques générales
  • Ce quiz a été pris 8 fois
  • Le résultat moyen est 8 sur 22
Statistiques - réponses
Par images Réponse % Correct
Emily
100%
Lexie
100%
Sakura
100%
Samara
100%
Ayana
50%
Aoi
33%
Jayla
33%
Sara
33%
Sara
33%
Sara
33%
Elena
17%
Hiori
17%
Honoka
17%
Honoka
17%
Junna
17%
Naru
17%
Rinka
17%
Rira
17%
Sarah
17%
Seria
17%
Akari
0%
Shaina
0%
Aucun quiz correspondant
Distribution des résultats
% des personnes avec chaque résultat
Percentile par nombre de réponses
Votre historique - résultats
Vous n’avez pas pris ce quiz